000 00442nam a2200205Ia 4500
003 0100
008 130227s9999 xx 000 0 und d
040 _cARRUPELIB
050 _aBJ1012.G44
100 _aGensler, Harry J.
245 _aFormal ethics
260 _aLondon
260 _bRoutledge
260 _C1996
300 _a213p.
300 _b 23 cm
650 _bJudgement (Ethics)
650 _cReasoning
942 _2lcc
_01
999 _c3191
_d3191